La modernidad contemporánea: en América Latina /
En el libro se reflexiona sobre la modernidad en América Latina. En este sentido, por estar situada en la periferia geográfica, esta región ha tenido que pensarse a sí misma, en términos políticos y sociales, como una realización limitada o degradada de la modernidad. El autor penetra en la realidad...
Guardat en:
| Autor principal: | |
|---|---|
| Altres autors: | |
| Format: | Desconegut |
| Idioma: | Spanish |
| Publicat: |
Buenos Aires :
Siglo veintiuno editores, CLACSO,
|
| Col·lecció: | Sociología y política:
|
| Matèries: | |
| Etiquetes: |
Afegir etiqueta
Sense etiquetes, Sigues el primer a etiquetar aquest registre!
|
MARC
| LEADER | 00000 a2200000 04500 | ||
|---|---|---|---|
| 001 | 40226 | ||
| 003 | cru CIDCACS/IIS | ||
| 005 | 20170526102722.0 | ||
| 008 | 050701s2009 ag spa d | ||
| 020 | |a 978-987-629-090-6 | ||
| 040 | |c CIDCACS/IIS | ||
| 090 | |a 05.03.01 D671m | ||
| 100 | |a Domingues, José Maurício | ||
| 245 | |a La modernidad contemporánea: |b en América Latina / |c José Maurício Domingues; traducido por Carlos Figari | ||
| 260 | |a Buenos Aires : |b Siglo veintiuno editores, |b CLACSO, | ||
| 300 | |a 296 páginas | ||
| 440 | |a Sociología y política: | ||
| 520 | |a En el libro se reflexiona sobre la modernidad en América Latina. En este sentido, por estar situada en la periferia geográfica, esta región ha tenido que pensarse a sí misma, en términos políticos y sociales, como una realización limitada o degradada de la modernidad. El autor penetra en la realidad social latinoamericana y revela que los principales tópicos de la modernidad (libertad, igualdad, justicia, nacionalidad, ciudadanía, solidaridad) se desarrollan en la región con una dinámica particular, multifacética y creativa, América latina no sería una réplica imperfecta de los países centrales, sino parte de la escena global. Asimismo, dichos ideales están presentes, con rostros nuevos, donde los movimientos sociales organizados, originales y plurales luchan por ellos. | ||
| 590 | |a DISEMINAR102010/RRA/OCTUBRE2010 | ||
| 650 | |a MODERNIDAD | ||
| 650 | |a MODERNIZACION | ||
| 650 | |a AMERICA LATINA | ||
| 650 | |a CAMBIO SOCIAL | ||
| 650 | |a HISTORIA SOCIAL | ||
| 650 | |a JUSTICIA SOCIAL | ||
| 650 | |a CAPITALISMO | ||
| 650 | |a DERECHOS CIVILES | ||
| 650 | |a CIUDADANIA | ||
| 650 | |a 1MOVIMIENTOS SOCIALES | ||
| 700 | |a Figari, Carlos | ||
| 700 | |e traductor | ||
| 942 | |2 ddc |c LI | ||
| 999 | |c 16723 |d 16723 | ||



